000 00816nam a22002537a 4500
005 20170124110017.0
010 _aA-998156
020 _c00.00
_a8185999120
035 _aA-998156
037 _bCen Lib/Ret
040 _aDPL
_bEN
082 _a303.372
_bSOC
245 _aSocial justice and women in India /
_cedited by M.P.Sube [and] Neeta Bora
260 _aDelhi
_bSwaraj Prakashan
_c1999
270 _bDelhi
_a146/D-16, Sector 7, Rohini
_e110085
300 _a348p.
_c22cm(Hb)
650 _aWomen-- Social conditions.
_98449
650 _aWomen -- Economic conditions.
_x
_918897
650 _v
_aबाल विकास
_91054
650 _a बाल देखभाल
_v
_9898
700 _aDube, M.P.
_918898
700 _aBora, Neeta
_98136
942 _2ddc
_cEN
_h303.372
_mSOC
999 _c126933
_d126933